<?xml version="1.0" encoding="UTF-8"?>
<record
    xmlns:xsi="http://www.w3.org/2001/XMLSchema-instance"
    xsi:schemaLocation="http://www.loc.gov/MARC21/slim http://www.loc.gov/standards/marcxml/schema/MARC21slim.xsd"
    xmlns="http://www.loc.gov/MARC21/slim">

  <leader>011110000a22001210004500</leader>
  <datafield tag="100" ind1="1" ind2=" ">
    <subfield code="a">Conti, Cristina</subfield>
  </datafield>
  <datafield tag="245" ind1="1" ind2="0">
    <subfield code="a">Infiel es esta palabra - 1 Timoteo 2: 9-15</subfield>
  </datafield>
  <datafield tag="300" ind1=" " ind2=" ">
    <subfield code="a">Num. 37 (2000), P&#xE1;ginas 41- 56</subfield>
  </datafield>
  <datafield tag="520" ind1=" " ind2=" ">
    <subfield code="a">Desde la cr&#xED;tica literaria, el texto estudiado aparece como discontinuo y hasta incoherente. Una mirada a su transmisi&#xF3;n manuscrita y a sus primeras menciones en la tradici&#xF3;n patr&#xED;stica revela sorpresas, por ejemplo, que los v.11-15a son tard&#xED;os, probablemente interpolados durante la controversia anti montanista en el siglo III. Para llegar a esta conclusi&#xF3;n, se hace un estudio detallado del vocabulario, de las ideas y de la estructura manifiesta del texto, por una parte, y de la tradici&#xF3;n primitiva sobre el ministerio de mujeres, por la otra. De esta manera, el an&#xE1;lisis demuestra la existencia clara de dos textos: 2: 9 -10, 15b (sobre el adorno de las mujeres) y 2: 11-15a (interpolaci&#xF3;n que proh&#xED;be la ense&#xF1;anza de las mujeres, argumentando desde G&#xE9;nesis 2 y 3).</subfield>
  </datafield>
  <datafield tag="650" ind1="1" ind2="4">
    <subfield code="a">1 TIMOTEO 2</subfield>
  </datafield>
  <datafield tag="773" ind1="0" ind2=" ">
    <subfield code="t">Revista de Interpretaci&#xF3;n B&#xED;blica Latinoamericana</subfield>
  </datafield>
  <datafield tag="942" ind1=" " ind2=" ">
    <subfield code="c">ANA</subfield>
  </datafield>
  <datafield tag="952" ind1=" " ind2=" ">
    <subfield code="0">0</subfield>
    <subfield code="1">0</subfield>
    <subfield code="4">0</subfield>
    <subfield code="7">0</subfield>
    <subfield code="8">HEM</subfield>
    <subfield code="a">FUSBC</subfield>
    <subfield code="b">FUSBC</subfield>
    <subfield code="d">2016-01-26</subfield>
    <subfield code="l">0</subfield>
    <subfield code="o"> </subfield>
    <subfield code="r">2016-01-26 00:00:00</subfield>
    <subfield code="w">2016-01-26</subfield>
    <subfield code="y">ANA</subfield>
  </datafield>
  <datafield tag="999" ind1=" " ind2=" ">
    <subfield code="c">52569</subfield>
    <subfield code="d">52569</subfield>
  </datafield>
</record>
